Les potentiels évoqués / (Record no. 196361)

MARC details
000 -LEADER
campo de control de longitud fija 01885nam a2200565 i 4500
001 - NÚMERO DE CONTROL
campo de control 196361
003 - IDENTIFICADOR DE NÚMERO DE CONTROL
campo de control ES-MaACL
005 - FECHA Y HORA DE LA ÚLTIMA TRANSACCIÓN
campo de control 20241012063112.0
007 - CAMPO FIJO DE DESCRIPCIÓN FÍSICA--INFORMACIÓN GENERAL
campo de control de longitud fija ta
008 - DATOS DE LONGITUD FIJA--INFORMACIÓN GENERAL
campo de control de longitud fija 240919s1993||||fr a gr 00| m|fre d
017 ## - NÚMERO DE COPYRIGHT O DE DEPÓSITO LEGAL
Número de copyright o de depósito legal DL 93-24059
Agencia que asigna FR
020 ## - NÚMERO INTERNACIONAL ESTÁNDAR DEL LIBRO
Número Internacional Estándar del Libro 2225841071
024 3# - IDENTIFICADOR DE OTROS ESTÁNDARES
Número estándar o código 9782225841071
035 ## - NÚMERO DE CONTROL DEL SISTEMA
Número de control de sistema (OCoLC)28490062
035 ## - NÚMERO DE CONTROL DEL SISTEMA
Número de control de sistema ocm28490062
035 ## - NÚMERO DE CONTROL DEL SISTEMA
Número de control cancelado/no válido ocm31015381
035 ## - NÚMERO DE CONTROL DEL SISTEMA
Número de control de sistema sib0486181
035 ## - NÚMERO DE CONTROL DEL SISTEMA
Número de control de sistema urouen76118
035 ## - NÚMERO DE CONTROL DEL SISTEMA
Número de control de sistema frBN015625591
035 ## - NÚMERO DE CONTROL DEL SISTEMA
Número de control de sistema FRBNF355888330000006
Número de control cancelado/no válido FRBNF35588833
035 ## - NÚMERO DE CONTROL DEL SISTEMA
Número de control de sistema flora206353
035 ## - NÚMERO DE CONTROL DEL SISTEMA
Número de control de sistema 002953803
040 ## - FUENTE DE CATALOGACIÓN
Centro catalogador/agencia de origen ABES
Lengua de catalogación fre
Normas de descripción AFNOR
Centro/agencia transcriptor ES-MaACL
Centro/agencia modificador ES-MaACL
041 0# - CÓDIGO DE IDIOMA
Fuente del código 639-2
060 #4 - SIGNATURA TOPOGRÁFICA DE LA NATIONAL LIBRARY OF MEDICINE
Número de clasificación KK6718
060 #4 - SIGNATURA TOPOGRÁFICA DE LA NATIONAL LIBRARY OF MEDICINE
Número de clasificación WL 102
080 ## - NÚMERO DE LA CLASIFICACIÓN DECIMAL UNIVERSAL
Número de la Clasificación Decimal Universal 61
Identificador de la edición Éd. 1967
082 0# - NÚMERO DE LA CLASIFICACIÓN DECIMAL DEWEY
Número de clasificación 610
999 ## - NÚMEROS DE CONTROL DE SISTEMA (KOHA)
Koha Subclase de Dewey [OBSOLETO] 751062103a
100 ## - ENTRADA PRINCIPAL--NOMBRE DE PERSONA
Número de control del registro de autoridad o número normalizado (IdRef)030916488
URI de un objeto del mundo real http://www.idref.fr/030916488/id
Nombre de persona Guérit, Jean-Michel
9 (RLIN) 238775
245 14 - MENCIÓN DEL TÍTULO
Título Les potentiels évoqués /
Mención de responsabilidad, etc. par J.-M. Guérit ; préface de E. Ch. Laterre.
250 ## - MENCION DE EDICION
Mención de edición 2e éd.
260 ## - PUBLICACIÓN, DISTRIBUCIÓN, ETC.
Lugar de publicación, distribución, etc. Paris ;
-- Milan ;
-- Barcelone :
Nombre del editor, distribuidor, etc. Masson,
Fecha de publicación, distribución, etc. 1993.
300 ## - DESCRIPCIÓN FÍSICA
Extensión XVII-347 p. :
Otras características físicas il. ;
Dimensiones 24 cm.
336 ## - TIPO DE CONTENIDO
Código de tipo de contenido txt
Fuente rdacontent
Término de tipo de contenido texto
337 ## - TIPO DE MEDIO
Código del tipo de medio n
Fuente rdamedia
Nombre/término del tipo de medio sin mediación
337 ## - TIPO DE MEDIO
Código del tipo de medio n
Fuente isbdmedia
Nombre/término del tipo de medio sin mediación
338 ## - TIPO DE SOPORTE
Fuente rdacarrier
Nombre/término del tipo de soporte volumen
504 ## - NOTA DE BIBLIOGRAFÍA, ETC.
Nota de bibliografía, etc. Bibliografía: p. 335-342. Indice.
650 #4 - PUNTO DE ACCESO ADICIONAL DE MATERIA--TÉRMINO DE MATERIA
Término de materia o nombre geográfico como elemento de entrada Neurofisiología
9 (RLIN) 15528
650 #7 - PUNTO DE ACCESO ADICIONAL DE MATERIA--TÉRMINO DE MATERIA
Término de materia o nombre geográfico como elemento de entrada Fisiología
9 (RLIN) 136120
700 ## - ENTRADA AGREGADA--NOMBRE PERSONAL
Número de control del registro de autoridad o número normalizado (IdRef)032490682
URI de un objeto del mundo real http://www.idref.fr/032490682/id
Nombre de persona Laterre, Émile-Christian
9 (RLIN) 238781
852 ## - LOCALIZACIÓN
Ubicación ES-MaACL
Ubicación en estantería Depósito 1
Donativo/Legado Donación: José Manuel Duarte Cendán
itemnumber 204064
Número de control de estantería A-15405
886 2# - INFORMACIÓN DE CAMPO MARC FORÁNEO
2 unimarc
a 181
-- i#
b xxxe##
903 ## - NOMBRE PERSONAL DE DONANTE
9 238529
a Duarte Cendán, José Manuel
q 1
e Donante
942 ## - ELEMENTOS DE ENTRADA SECUNDARIOS (KOHA)
Suprimir en OPAC No
Tipo de ítem Koha Libro impreso
Holdings
Estatus retirado Estado de pérdida Fuente del sistema de clasificación o colocación Estado de daño No para préstamo Biblioteca de origen Biblioteca actual Ubicación en estantería Fecha de adquisición Fuente de adquisición Total de préstamos Signatura topográfica completa Código de barras Visto por última vez Precio de reemplazo Tipo de ítem Koha
    Clasificación decimal universal     Biblioteca del Ateneo de Madrid Biblioteca del Ateneo de Madrid Depósito 1 19/09/2024 Donación   A-15405 101228862 19/09/2024 19/09/2024 Libro impreso